000 00596nam a2200205 4500
003 OSt
005 20240722070237.0
006 a
008 240722b |||||||| |||| 00| 0 eng d
020 _a9789814221177
040 _aDWCL-Main lib.
_cOC
082 _aCirc. 005.115 An546c 2008
100 _aAnderson, Greg
245 _aComputer fundamentals and logic formulation /
260 _aSingapore :
_bThomson Learning Asia,
_cc2008.
300 _axv
_b(various paging) : ill. ;
_c24 cm.
650 _a1. Logic programming.
650 _a2. Logic design.
942 _2ddc
_n0
_cBK-CIRC
_kCirc.
999 _c2532
_d2532